000
00304nam a2200145Ia 4500
100
_a
Parr/ Andrew
942
_c
BK
654
_a
Pneumatic power
245
_a
Hydraulic & pneumatic
260
_b
Jaico Pub
_a
Bombay
_c
1993
082
_a
621.51
_b
PAN
300
_a
223
546
_a
ENGLISH
999
_c
19819
_d
19819